00545 2200193 4500001002100000005001500021035002000036245006700056100002900123300002600152260004100178082001200219084001800231020002200249600002900271990001700300990001700317990001700334INLIS00000000000109220250804073631 a0010-08250000031 aFatimah Az-Zahra Penghulu Wanita Surga /cAbdul Rasyad Shiddiq0 aAsy-Syaikh, Abdus Sattar a296 hlm ;c16 X 24 cm aJakarta :bPustaka Al-Kautsar,c2024 a297.644 a297.644 ASY f a978-979-552-934-5 4aFatimah Putri Rasulullah a3667/PP/2025 a3668/PP/2025 a3669/PP/2025